| 000 | 00740nam a2200229 a 4500 | ||
|---|---|---|---|
| 999 |
_c771 _d771 |
||
| 001 | 771 | ||
| 003 | BD-JhCC | ||
| 005 | 20230205134024.0 | ||
| 008 | 171009s2015 b |||| |||| 000 0 ben d | ||
| 020 | _a9847009200700 | ||
| 035 | _a(BD-JhCC)771 | ||
| 040 |
_aBD-JhCC _dBD-JhCC |
||
| 041 | _aben | ||
| 082 |
_a891.443 _bBIB 2015 |
||
| 100 | _aমুখোপাধ্যায়, বিভূতিভূষণ. | ||
| 245 |
_aরাণুর প্রথমভাগ / _c বিভূতিভূষণ মুখোপাধ্যায়. |
||
| 260 |
_aঢাকা,: _bবর্ণায়ন, _c২০১৫. |
||
| 300 |
_a১৫১ পৃ: _c২১ সেমি: |
||
| 650 | _aBengali Novel | ||
| 942 |
_2ddc _cBK _02 |
||